Stavební ročenka ...
| Other Authors: | , , |
|---|---|
| Format: | Serial |
| Language: | Czech |
| PhysicalDescription: | zv. ilustr., tab. 31 cm |
| Published: |
Bratislava
Jaga group
2001-
|
| ISBN: | 8088905591 (viaz. : r. 2002) 8088905826 (viaz. : r. 2003) 8088905885 (viaz. : r. 2004) 8080760047 (viaz. : r. 2005) 8080760241 (viaz. : r. 2006) 808076039X (viaz. : r. 2007) 9788080760564 (viaz. : r. 2008) 9788080760687 (viaz. : r. 2009) 9788080760793 (viaz. : r. 2010) |
| Subjects: |
MARC
| LEADER | 00000nas a2200000 a 4500 | ||
|---|---|---|---|
| 001 | vtls001470338 | ||
| 003 | SK-MaSNL | ||
| 005 | 20260228161315.0 | ||
| 008 | 040308c20029999xo ar 0 0b0cze | ||
| 015 | |a SNBB2005/02-00442 (r. 2002) |a SNBB2005/02-00443 (r. 2003) |a SNBB2005/02-00444 (r. 2004) |a SNBB2005/04-01049 (r. 2005) |a SNBB2006/04-01094 (r. 2006) |a SNBB2007/03-00815 (r. 2007) |a SNBB2008/03-01388 (r. 2008) |a SNBB2010/03-01660 (r. 2009) |a SNBB2011/02-01206 (r. 2010) | ||
| 020 | |a 8088905591 (viaz. : r. 2002) | ||
| 020 | |a 8088905826 (viaz. : r. 2003) | ||
| 020 | |a 8088905885 (viaz. : r. 2004) | ||
| 020 | |a 8080760047 (viaz. : r. 2005) | ||
| 020 | |a 8080760241 (viaz. : r. 2006) | ||
| 020 | |a 808076039X (viaz. : r. 2007) | ||
| 020 | |a 9788080760564 (viaz. : r. 2008) |z 8080760564 | ||
| 020 | |a 9788080760687 (viaz. : r. 2009) | ||
| 020 | |a 9788080760793 (viaz. : r. 2010) | ||
| 035 | |a SNK000425643 | ||
| 040 | |a SNK |b slo |c SNK |d SVKBB |d AACR2 | ||
| 041 | 0 | |a cze | |
| 044 | |a xo |c SK | ||
| 072 | 7 | |a 69 |x Stavebníctvo |2 konspekt | |
| 080 | |a (058) |2 2001 | ||
| 080 | |a 69 |2 2001 | ||
| 245 | 0 | 0 | |a Stavební ročenka ... |
| 260 | |a Bratislava |b Jaga group |c 2001- | ||
| 300 | |a zv. |b ilustr., tab. |c 31 cm | ||
| 310 | |a 1x ročne | ||
| 362 | 0 | |a 2002- | |
| 500 | |a Súčasťou názvu je označenie bežného roku | ||
| 500 | |a Zost.: 2006, Denisa Urminská; 2007, Jana Vršanská; 2008-2010, Magdaléna Lukáčová | ||
| 504 | |a Bibliogr. odkazy | ||
| 650 | 0 | 7 | |a stavebníctvo |2 SNKPH |9 726 |
| 655 | 7 | |a ročenky |2 SNKPH |9 57146 | |
| 700 | 1 | |a Urminská, Denisa |4 com |9 268354 | |
| 700 | 1 | |a Vršanská, Jana |4 com |9 268355 | |
| 700 | 1 | |a Lukáčová, Magdaléna |4 com |9 268356 | |
| 775 | 0 | |t Stavebnícka ročenka ... |w vtls001470273 | |
| 852 | |a Štátna vedecká knižnica v Banskej Bystrici | ||
| 910 | |a snk | ||
| 919 | |a 80-88905-59-1 | ||
| 919 | |a 80-88905-82-6 | ||
| 919 | |a 80-88905-88-5 | ||
| 919 | |a 80-8076-004-7 | ||
| 919 | |a 80-8076-024-1 | ||
| 919 | |a 80-8076-039-X | ||
| 919 | |a 978-80-8076-056-4 | ||
| 919 | |a 978-80-8076-068-7 | ||
| 919 | |a 978-80-8076-079-3 | ||
| 958 | |a NB | ||
| 999 | |c 4972 |d 6902 | ||
| 952 | |0 0 |1 0 |4 0 |7 0 |a SNK |b SNK |d 2004-03-08 |i snkPV 41/2004 |l 0 |o snkČSB 5290/2002 |p 17A0358984 |r 2005-01-02 00:00:00 |w 2026-02-21 |y PREZ | ||
| 952 | |0 0 |1 0 |4 0 |7 0 |a SNK |b SNK |d 2004-03-08 |i snkPV 42/2004 |l 0 |o snkČSB 5290/2002 D1 |p 17A0358985 |r 2005-01-02 00:00:00 |w 2026-02-21 |y PREZ | ||
| 952 | |0 0 |1 0 |4 0 |7 0 |a SNK |b SNK |d 2004-03-08 |i snkPV 62/2004 |l 0 |o snkČSB 5290/2/2003 |p 17A0358992 |r 2005-01-02 00:00:00 |w 2026-02-21 |y PREZ | ||
| 952 | |0 0 |1 0 |4 0 |7 0 |a SNK |b SNK |d 2004-03-08 |i snkPV 63/2004 |l 0 |o snkČSB 5290/2/2003 D1 |p 17A0358993 |r 2005-01-02 00:00:00 |w 2026-02-21 |y PREZ | ||
| 952 | |0 0 |1 0 |4 0 |7 0 |a SNK |b SNK |d 2004-03-08 |i snkPV 64/2004 |l 0 |o snkČSB 5290/3/2004 |p 17A0358994 |r 2005-01-02 00:00:00 |w 2026-02-21 |y PREZ | ||
| 952 | |0 0 |1 0 |4 0 |7 0 |8 0 |a SNK |b SNK |d 2010-06-21 |i snk2010/13526 |l 0 |o snkČSB 5290/2009 |p 17A0661094 |r 2026-02-21 19:43:29 |w 2026-02-21 |y PREZ | ||
| 952 | |0 0 |1 0 |4 0 |7 0 |8 0 |a SNK |b SNK |d 2010-06-21 |i snk2010/13527 |l 0 |o snkČSB 5290/2009 D1 |p 17A0661095 |r 2026-02-21 19:43:29 |w 2026-02-21 |y PREZ | ||
| 952 | |0 0 |1 0 |4 0 |7 0 |8 0 |a SNK |b SNK |d 2006-03-08 |i snk2006/4999 |l 0 |o snkČSB 5290/[5]/2006 |p 17A0488685 |r 2026-02-21 19:47:13 |w 2026-02-21 |y PREZ | ||
| 952 | |0 0 |1 0 |4 0 |7 0 |8 0 |a SNK |b SNK |d 2011-04-28 |i snk2011/9684 |l 0 |o snkČSB 5290/2010 |p 17A0672903 |r 2026-02-21 20:06:04 |w 2026-02-21 |y PREZ | ||
| 952 | |0 0 |1 0 |4 0 |7 0 |8 0 |a SNK |b SNK |d 2011-04-28 |i snk2011/9685 |l 0 |o snkČSB 5290/2010 D1 |p 17A0672904 |r 2026-02-21 20:07:30 |w 2026-02-21 |y PREZ | ||
| 952 | |0 0 |1 0 |4 0 |7 0 |a SNK |b SNK |d 2004-03-08 |i snkPV 65/2004 |l 0 |o snkČSB 5290/3/2004 D1 |p 17A0358995 |r 2005-01-02 00:00:00 |w 2026-02-21 |y PREZ | ||
| 952 | |0 0 |1 0 |4 0 |7 0 |8 0 |a SNK |b SNK |d 2006-03-08 |i snk2006/5000 |l 0 |o snkČSB 5290/[5]/2006 D1 |p 17A0488686 |r 2026-02-21 20:16:43 |w 2026-02-21 |y PREZ | ||
| 952 | |0 0 |1 0 |4 0 |7 0 |8 0 |a SNK |b SNK |d 2007-03-12 |i snk2007/6918 |l 0 |o snkČSB 5290/[6]/2007 |p 17A0534388 |r 2026-02-21 20:27:23 |w 2026-02-21 |y PREZ | ||
| 952 | |0 0 |1 0 |4 0 |7 0 |8 0 |a SNK |b SNK |d 2007-03-12 |i snk2007/6920 |l 0 |o snkČSB 5290/[6]/2007 D1 |p 17A0534389 |r 2026-02-21 20:27:23 |w 2026-02-21 |y PREZ | ||
| 952 | |0 0 |1 0 |4 0 |7 0 |8 0 |a SNK |b SNK |d 2008-08-11 |i snk2008/15233 |l 0 |o snkČSB 5290/2008 |p 17A0582596 |r 2026-02-21 20:28:44 |w 2026-02-21 |y PREZ | ||
| 952 | |0 0 |1 0 |4 0 |7 0 |8 0 |a SNK |b SNK |d 2008-08-11 |i snk2008/15234 |l 0 |o snkČSB 5290/2008 D1 |p 17A0582597 |r 2026-02-21 20:28:44 |w 2026-02-21 |y PREZ | ||
| 952 | |0 0 |1 0 |4 0 |7 0 |8 0 |a SNK |b SNK |d 2005-04-12 |i snk2005/5904 |l 0 |o snkČSB 5290/4/2005 |p 17A0446474 |r 2026-02-21 21:20:59 |w 2026-02-21 |y PREZ | ||
| 952 | |0 0 |1 0 |4 0 |7 0 |8 0 |a SNK |b SNK |d 2005-04-12 |i snk2005/5905 |l 0 |o snkČSB 5290/4/2005 D1 |p 17A0446475 |r 2026-02-21 21:20:59 |w 2026-02-21 |y PREZ | ||


